[Event "Zhukovsky-A 02"]
[Site "Zhukovsky"]
[Date "2011.02.09"]
[Round "6"]
[White "Onishchenko, Mikhail"]
[Black "Orekhovsky, Vasily"]
[Result "0-1"]
[WhiteElo "1945"]
[BlackElo "2080"]
[PlyCount "80"]
[EventDate "2011.02.09"]
[EventType "swiss"]
[EventRounds "9"]
[EventCountry "RUS"]
[SourceTitle "EXT 2022"]
[Source "ChessBase"]
[SourceDate "2021.10.06"]
[SourceVersion "1"]
[SourceVersionDate "2021.10.06"]
[SourceQuality "1"]

1. Nf3 d5 2. d4 Nf6 3. Bg5 Bf5 4. Nbd2 e6 5. e3 Be7 6. h4 Nbd7 7. Ne5 h6 8. Bf4 Nxe5 9. dxe5 Ne4 10. Nxe4 Bxe4 11. f3 Bh7 12. h5 0-0 13. Bd3 Bxd3 14. Qxd3 c5 15. c3 c4 16. Qc2 b5 17. 0-0-0 Qb6 18. g4 a5 19. g5 hxg5 20. h6 g6 21. Rdg1 gxf4 22. Rxg6+ Kh8 23. Rg7 Qxe3+ 24. Kb1 Qd3 25. Qxd3 cxd3 26. Kc1 Bc5 27. Kd2 Rg8 28. Rxf7 Be3+ 29. Kxd3 Rg2 30. Rd1 Rxb2 31. Re7 Rg8 32. c4 bxc4+ 33. Kc3 Rgg2 34. Re8+ Kh7 35. Re7+ Kxh6 36. Rh1+ Kg6 37. Rxe6+ Kg5 38. Rc1 Bxc1 39. Kd4 Rb5 40. Rd6 Bb2# 0-1

[Event "Zhukovsky-A 02"]
[Site "Zhukovsky"]
[Date "2011.02.09"]
[Round "2"]
[White "Shebchenko, Vladimir"]
[Black "Onishchenko, Mikhail"]
[Result "1-0"]
[WhiteElo "1931"]
[BlackElo "1945"]
[PlyCount "72"]
[EventDate "2011.02.09"]
[EventType "swiss"]
[EventRounds "9"]
[EventCountry "RUS"]
[SourceTitle "EXT 2022"]
[Source "ChessBase"]
[SourceDate "2021.10.06"]
[SourceVersion "1"]
[SourceVersionDate "2021.10.06"]
[SourceQuality "1"]

1. Nf3 g6 2. d4 d6 3. c4 Bg7 4. Nc3 c5 5. d5 Na6 6. e4 Bg4 7. Be2 Nf6 8. 0-0 Bxf3 9. Bxf3 Nd7 10. Be3 Qa5 11. Qd2 Nc7 12. Be2 a6 13. a4 0-0 14. Bh6 Bxh6 15. Qxh6 Qb4 16. f4 Qxb2 17. Rac1 b5 18. Bd3 b4 19. Ne2 Qa3 20. Rf3 Rfb8 21. e5 b3 22. e6 Nf8 23. exf7+ Kxf7 24. f5 g5 25. f6 Ke8 26. fxe7 Ng6 27. Rf8+ Kd7 28. Bf5+ Ne6 29. Bxe6+ Kc7 30. Qxh7 Kb6 31. Rxb8+ Rxb8 32. Qxg6 b2 33. Rb1 Qa2 34. Bf5 Ka5 35. Qxd6 Rb6 36. Qd8 Qb3 1-0

[Event "Zhukovsky op-A"]
[Site "Zhukovsky"]
[Date "2010.01.??"]
[Round "7"]
[White "Orekhovsky, Vasily"]
[Black "Onishchenko, Mikhail"]
[Result "1/2-1/2"]
[WhiteElo "2054"]
[BlackElo "1945"]
[PlyCount "109"]
[EventDate "2010.01.??"]
[EventType "swiss"]
[EventRounds "7"]
[EventCountry "RUS"]
[SourceTitle "EXT 2012"]
[Source "ChessBase"]
[SourceDate "2011.11.24"]
[SourceVersion "1"]
[SourceVersionDate "2011.11.24"]
[SourceQuality "1"]

1. e4 e6 2. d4 c5 3. Nf3 g6 4. Be3 Bg7 5. Nc3 Qa5 6. Qd2 b6 7. Nb5 Qxd2+ 8. Kxd2 Kd8 9. Nd6 Nh6 10. Kd1 Ke7 11. dxc5 Ng4 12. Nb5 Nxe3+ 13. fxe3 Na6 14. cxb6 axb6 15. Nbd4 Nb4 16. a3 Bb7 17. Bd3 f5 18. Nd2 fxe4 19. Nxe4 d5 20. Ng5 e5 21. Rf1 Bf6 22. Nde6 Nxd3 23. cxd3 h6 24. Nc7 Bxg5 25. Nxa8 Rxa8 26. Rc1 Rc8 27. Rxc8 Bxc8 28. e4 Ba6 29. Rf3 Kd6 30. g3 dxe4 31. dxe4 Kc5 32. h4 Be7 33. Rf7 Bd6 34. Rf6 Bb7 35. b4+ Kc6 36. Rxg6 Kd7 37. Rxh6 Bxe4 38. Kd2 Bf3 39. Ke3 e4 40. g4 Bh2 41. g5 Bg1+ 42. Kf4 Bg2 43. g6 e3 44. g7 Bd5 45. Rg6 Bf2 46. g8Q Bxg8 47. Rg7+ Kd6 48. Rxg8 e2 49. Re8 e1Q 50. Rxe1 Bxe1 51. h5 Kd5 52. h6 Bd2+ 53. Kf3 Bxh6 54. a4 Kc4 55. a5 1/2-1/2

[Event "Zhukovsky op-A"]
[Site "Zhukovsky"]
[Date "2010.01.??"]
[Round "2"]
[White "Vasiliev, Aleksey V"]
[Black "Onishchenko, Mikhail"]
[Result "1-0"]
[WhiteElo "2033"]
[BlackElo "1945"]
[PlyCount "101"]
[EventDate "2010.01.??"]
[EventType "swiss"]
[EventRounds "7"]
[EventCountry "RUS"]
[SourceTitle "EXT 2012"]
[Source "ChessBase"]
[SourceDate "2011.11.24"]
[SourceVersion "1"]
[SourceVersionDate "2011.11.24"]
[SourceQuality "1"]

1. e4 g6 2. d4 d6 3. Nf3 Bg4 4. Bc4 Nf6 5. h3 Bxf3 6. Qxf3 Nbd7 7. 0-0 c6 8. Qb3 d5 9. exd5 cxd5 10. Bxd5 Nxd5 11. Qxd5 Qc7 12. Nc3 e6 13. Qf3 Bg7 14. Bf4 Qb6 15. Ne4 0-0 16. c3 Rac8 17. Rab1 Qa6 18. a3 b5 19. Qg3 Rc6 20. Qh4 f6 21. Bh6 Qb7 22. Bxg7 Kxg7 23. Rfe1 a5 24. Re3 b4 25. axb4 axb4 26. Rbe1 bxc3 27. bxc3 Rfc8 28. d5 Rb6 29. dxe6 Rxe6 30. Nd6 Rxe3 31. Rxe3 Qb1+ 32. Kh2 g5 33. Re7+ Kf8 34. Rf7+ Kg8 35. Qh6 Qg6 36. Qxg6+ hxg6 37. Rxd7 Rxc3 38. Ne4 Rc6 39. Rd6 Rxd6 40. Nxd6 Kf8 41. Ne4 Ke7 42. Kg3 Ke6 43. Nxg5+ fxg5 44. Kg4 Kf6 45. g3 Kf7 46. Kxg5 Kg7 47. h4 Kh7 48. g4 Kg7 49. f4 Kh7 50. Kf6 Kh6 51. Kf7 1-0

[Event "Zhukovsky op-A 05"]
[Site "Zhukovsky"]
[Date "2009.05.??"]
[Round "2"]
[White "Ibragimov, Ali"]
[Black "Onishchenko, Mikhail"]
[Result "1-0"]
[WhiteElo "2094"]
[BlackElo "1963"]
[PlyCount "69"]
[EventDate "2009.05.??"]
[EventType "swiss"]
[EventRounds "9"]
[EventCountry "RUS"]
[SourceTitle "EXT 2012"]
[Source "ChessBase"]
[SourceDate "2011.11.24"]
[SourceVersion "1"]
[SourceVersionDate "2011.11.24"]
[SourceQuality "1"]

1. d4 Nf6 2. Bg5 e6 3. Nf3 c5 4. e3 Qa5+ 5. c3 Ne4 6. Bf4 Nc6 7. Bd3 d5 8. Nbd2 Nxd2 9. Qxd2 c4 10. Bc2 g6 11. h4 h5 12. Kf1 Bg7 13. e4 0-0 14. e5 Ne7 15. Bh6 b5 16. Bxg7 Kxg7 17. Qg5 Ng8 18. g4 hxg4 19. h5 Rd8 20. hxg6 Rd7 21. Rh7+ Kf8 22. g7+ Ke8 23. Rh8 Re7 24. Rxg8+ Kd7 25. Qxg4 b4 26. Rf8 bxc3 27. bxc3 Qxc3 28. Rc1 Qb2 29. Qf4 c3 30. g8Q Ba6+ 31. Kg2 Rxf8 32. Qxf8 Qa3 33. Qg5 Bc4 34. Qgxe7+ Qxe7 35. Ba4+ 1-0

[Event "Zhukovsky op-A"]
[Site "Zhukovsky"]
[Date "2008.11.28"]
[Round "5"]
[White "Andreev, Gennadiy"]
[Black "Onishchenko, Mikhail"]
[Result "1-0"]
[WhiteElo "2075"]
[BlackElo "1938"]
[PlyCount "55"]
[EventDate "2008.11.28"]
[EventType "swiss"]
[EventRounds "9"]
[EventCountry "RUS"]
[SourceTitle "EXT 2022"]
[Source "ChessBase"]
[SourceDate "2021.10.06"]
[SourceVersion "1"]
[SourceVersionDate "2021.10.06"]
[SourceQuality "1"]

1. e4 e6 2. d4 d5 3. Nd2 Nf6 4. e5 Nfd7 5. Bd3 c5 6. c3 cxd4 7. cxd4 Nc6 8. Ne2 f6 9. exf6 Nxf6 10. Nf3 Bd6 11. 0-0 Qc7 12. Re1 0-0 13. Nc3 a6 14. a3 g6 15. Bh6 Re8 16. Qd2 Ng4 17. g3 Qf7 18. Bf4 e5 19. Ng5 Qg7 20. dxe5 Ncxe5 21. Be2 Nf6 22. Nxd5 h6 23. Nxf6+ Qxf6 24. Ne4 Qe7 25. Qxd6 Nf7 26. Nf6+ Kh8 27. Qd4 Ne5 28. Nxe8 1-0

[Event "Zhukovsky op-A"]
[Site "Zhukovsky"]
[Date "2008.11.28"]
[Round "3"]
[White "Onishchenko, Mikhail"]
[Black "Orekhovsky, Vasily"]
[Result "1/2-1/2"]
[WhiteElo "1938"]
[BlackElo "2030"]
[PlyCount "160"]
[EventDate "2008.11.28"]
[EventType "swiss"]
[EventRounds "9"]
[EventCountry "RUS"]
[SourceTitle "EXT 2022"]
[Source "ChessBase"]
[SourceDate "2021.10.06"]
[SourceVersion "1"]
[SourceVersionDate "2021.10.06"]
[SourceQuality "1"]

1. d4 d5 2. Nf3 Nf6 3. Bg5 e6 4. e3 Be7 5. Nbd2 0-0 6. Bd3 Nbd7 7. Ne5 Nxe5 8. dxe5 Nd7 9. Bf4 Nc5 10. Be2 Bd7 11. b4 Na4 12. Bd3 Bxb4 13. Qh5 g6 14. Qh6 Nc5 15. Bg5 Nxd3+ 16. cxd3 f6 17. exf6 Bxd2+ 18. Kxd2 Rxf6 19. f3 Qf8 20. Qxf8+ Rfxf8 21. Bf4 c5 22. Rhf1 Rfc8 23. a4 Rc6 24. a5 Rac8 25. Rfb1 b6 26. axb6 Rxb6 27. Rxb6 axb6 28. Ra7 Be8 29. Be5 b5 30. Rg7+ Kf8 31. Rxh7 Bf7 32. Rh8+ Bg8 33. h4 Ra8 34. g4 Ra2+ 35. Kc1 Re2 36. e4 dxe4 37. fxe4 c4 38. h5 gxh5 39. g5 cxd3 40. g6 Rxe4 41. Rxh5 Rg4 42. Rh6 Rg2 43. Kd1 b4 44. g7+ Rxg7 45. Bxg7+ Kxg7 46. Rh2 e5 47. Kd2 e4 48. Ke3 Bh7 49. Rb2 Kf6 50. Rxb4 Kg5 51. Rb5+ Bf5 52. Rd5 Kg4 53. Rd8 Kg5 54. Rd6 Bg6 55. Re6 Bh7 56. Re5+ Kf6 57. Rd5 Bf5 58. Kf4 Ke6 59. Rd4 Bg6 60. Ke3 Bf5 61. Rd8 Ke5 62. Rd4 Bg6 63. Rd8 Bf7 64. Rd4 Bd5 65. Rb4 Kd6 66. Rb2 Kc5 67. Rb8 Kc4 68. Rc8+ Kb3 69. Rd8 Bc6 70. Rd6 Ba8 71. Rb6+ Kc2 72. Rd6 Bb7 73. Rd7 Ba8 74. Rc7+ Kb3 75. Rc5 Kb4 76. Rc8 Bd5 77. Rc1 Bb3 78. Kxe4 d2 79. Rg1 d1Q 80. Rxd1 Bxd1 1/2-1/2

[Event "Zhukovsky Elo-D"]
[Site "Zhukovsky"]
[Date "2008.01.13"]
[Round "7"]
[White "Tamarovskiy, Andrey"]
[Black "Onishchenko, Mikhail"]
[Result "1-0"]
[WhiteElo "1939"]
[BlackElo "1913"]
[PlyCount "117"]
[EventDate "2008.01.02"]
[EventType "tourn"]
[EventRounds "9"]
[EventCountry "RUS"]
[SourceTitle "EXT 2010"]
[Source "ChessBase"]
[SourceDate "2010.11.25"]
[SourceVersion "1"]
[SourceVersionDate "2010.11.25"]
[SourceQuality "1"]

1. e4 g6 2. d4 c5 3. d5 e6 4. dxe6 fxe6 5. Nf3 Bg7 6. c3 Nc6 7. Bb5 Nce7 8. Bf4 Nf6 9. 0-0 Qb6 10. Na3 Nxe4 11. Qd3 a6 12. Bxd7+ Bxd7 13. Qxe4 0-0 14. Nc4 Qc6 15. Qxc6 Bxc6 16. Bd6 Bxf3 17. Bxe7 Rf7 18. Nb6 Re8 19. Bxc5 Rc7 20. Be3 Be2 21. Rfe1 Bb5 22. Rad1 Bf6 23. a4 Bc6 24. Rd2 Kf7 25. a5 Bb5 26. Red1 Ke7 27. Bf4 Rc6 28. Rd7+ Kf8 29. Rxh7 Kg8 30. Rxb7 e5 31. Be3 Rd8 32. Rbd7 Rxd7 33. Nxd7 Kf7 34. f4 exf4 35. Bd4 Bxd4+ 36. Rxd4 Ke6 37. Nb6 Rd6 38. Kf2 g5 39. g3 fxg3+ 40. hxg3 Rxd4 41. cxd4 g4 42. Ke3 Kf5 43. b3 Bc6 44. d5 Be8 45. Kd4 Bb5 46. Na8 Be2 47. Nc7 Kf6 48. d6 Kf7 49. Ke5 Bd1 50. b4 Be2 51. Kf5 Bf3 52. Nxa6 Ke8 53. Nc5 Kd8 54. a6 Kc8 55. b5 Be2 56. b6 Bf3 57. Ke6 Kd8 58. b7 Bxb7 59. axb7 1-0

[Event "Zhukovsky Elo-D"]
[Site "Zhukovsky"]
[Date "2008.01.06"]
[Round "5"]
[White "Mozgalov, Viktor"]
[Black "Onishchenko, Mikhail"]
[Result "1/2-1/2"]
[WhiteElo "1865"]
[BlackElo "1913"]
[PlyCount "65"]
[EventDate "2008.01.02"]
[EventType "tourn"]
[EventRounds "9"]
[EventCountry "RUS"]
[SourceTitle "EXT 2010"]
[Source "ChessBase"]
[SourceDate "2010.11.25"]
[SourceVersion "1"]
[SourceVersionDate "2010.11.25"]
[SourceQuality "1"]

1. d4 Nf6 2. c4 c5 3. d5 e6 4. Nc3 exd5 5. cxd5 d6 6. e4 g6 7. f4 Bg7 8. Bb5+ Nfd7 9. a4 a6 10. Bc4 0-0 11. Nf3 Nb6 12. Be2 Bg4 13. 0-0 Bxf3 14. Bxf3 N8d7 15. a5 Nc8 16. Ra3 Re8 17. Kh1 b5 18. axb6 Ncxb6 19. e5 dxe5 20. d6 Nc4 21. Ra2 Rb8 22. f5 gxf5 23. Bc6 Rb6 24. Qe2 Rxc6 25. Qxc4 Rxd6 26. Rxf5 Re7 27. Bg5 Bf6 28. Be3 Bg7 29. Ra1 Qc8 30. Raf1 Nf6 31. Qxc5 Qe6 32. Bg5 Red7 33. Rxe5 1/2-1/2

[Event "Zhukovsky Elo-D"]
[Site "Zhukovsky"]
[Date "2008.01.05"]
[Round "4"]
[White "Onishchenko, Mikhail"]
[Black "Titov, Sergo"]
[Result "1/2-1/2"]
[WhiteElo "1913"]
[BlackElo "1855"]
[PlyCount "114"]
[EventDate "2008.01.02"]
[EventType "tourn"]
[EventRounds "9"]
[EventCountry "RUS"]
[SourceTitle "EXT 2010"]
[Source "ChessBase"]
[SourceDate "2010.11.25"]
[SourceVersion "1"]
[SourceVersionDate "2010.11.25"]
[SourceQuality "1"]

1. Nf3 f5 2. g3 Nf6 3. d3 c5 4. Nbd2 d5 5. c4 Nc6 6. cxd5 Nxd5 7. Nc4 g6 8. h4 Bg7 9. h5 b5 10. Ne3 Nxe3 11. Bxe3 Bxb2 12. Rb1 Bc3+ 13. Bd2 Qa5 14. hxg6 Bxd2+ 15. Qxd2 Qxd2+ 16. Kxd2 Rb8 17. Rxh7 Rg8 18. Nh4 Ne5 19. Bh3 Ng4 20. Bxg4 fxg4 21. Rh5 Be6 22. Rxc5 b4 23. Rb2 Kd7 24. Ra5 Rb7 25. d4 Rc8 26. d5 Bg8 27. Ra4 Rc4 28. Ra5 Rd4+ 29. Ke3 Rxd5 30. Rxd5+ Bxd5 31. Kf4 Be6 32. Nf5 a5 33. Nd4 a4 34. Nxe6 Kxe6 35. Kxg4 Kf6 36. Kh5 Kg7 37. g4 b3 38. axb3 Rxb3 39. Ra2 Rb4 40. e3 e5 41. Rd2 Rb7 42. Rd5 Ra7 43. Rd2 a3 44. Ra2 Ra4 45. Kg5 e4 46. Kf5 Kf8 47. Kg5 Kg7 48. Kh5 Ra6 49. Kg5 Ra4 50. Kf5 Kf8 51. Kf6 Ra6+ 52. Ke5 Ra4 53. Kd5 Kg7 54. Kc5 Kxg6 55. Kb5 Ra8 56. Kc4 Kg5 57. Kd5 Ra4 1/2-1/2

[Event "Zhukovsky Cup"]
[Site "Zhukovsky"]
[Date "2008.??.??"]
[Round "8"]
[White "Kopylov, Ivan1111"]
[Black "Onishchenko, Mikhail"]
[Result "1-0"]
[WhiteElo "2106"]
[BlackElo "1913"]
[PlyCount "63"]
[EventDate "2008.04.21"]
[EventType "swiss"]
[EventRounds "9"]
[EventCountry "RUS"]
[SourceTitle "EXT 2022"]
[Source "ChessBase"]
[SourceDate "2021.10.06"]
[SourceVersion "1"]
[SourceVersionDate "2021.10.06"]
[SourceQuality "1"]

1. d4 Nf6 2. Nf3 c5 3. d5 d6 4. c4 b5 5. cxb5 a6 6. e3 Bb7 7. Nc3 Qb6 8. a4 axb5 9. Bxb5+ Nbd7 10. 0-0 g6 11. e4 e5 12. dxe6 fxe6 13. e5 dxe5 14. Nxe5 0-0-0 15. Nf7 Bg7 16. a5 Qc7 17. a6 Ba8 18. Nd6+ Kb8 19. a7+ Qxa7 20. Rxa7 Kxa7 21. Qa4+ Kb6 22. Qa6+ Kc7 23. Nf7 Bb7 24. Bf4+ e5 25. Qd6+ Kc8 26. Nxd8 Rxd8 27. Bxe5 Nxe5 28. Qxc5+ Bc6 29. Bxc6 Nd3 30. Qb6 Rd6 31. Ra1 Nd7 32. Ra8+ 1-0

[Event "Zhukovsky Cup"]
[Site "Zhukovsky"]
[Date "2008.??.??"]
[Round "6"]
[White "Kuznetsov, Mikhail"]
[Black "Onishchenko, Mikhail"]
[Result "1-0"]
[WhiteElo "2107"]
[BlackElo "1913"]
[PlyCount "121"]
[EventDate "2008.04.21"]
[EventType "swiss"]
[EventRounds "9"]
[EventCountry "RUS"]
[SourceTitle "EXT 2022"]
[Source "ChessBase"]
[SourceDate "2021.10.06"]
[SourceVersion "1"]
[SourceVersionDate "2021.10.06"]
[SourceQuality "1"]

1. e4 c6 2. c4 g6 3. d4 e6 4. Nc3 Ne7 5. d5 d6 6. Be3 c5 7. Qd2 h6 8. 0-0-0 Bg7 9. dxe6 Bxe6 10. Qxd6 Qxd6 11. Rxd6 Nd7 12. Nb5 Kd8 13. Rd1 a6 14. Nd6 Kc7 15. f4 Nc8 16. Nxc8 Rhxc8 17. h3 b5 18. b3 bxc4 19. bxc4 Rab8 20. Rd2 Rb4 21. Rc2 Rcb8 22. Bd3 Rb1+ 23. Kd2 f5 24. e5 g5 25. g3 h5 26. h4 g4 27. Rh2 Ra1 28. Ne2 Kc6 29. Nc1 Rbb1 30. Nb3 Rd1+ 31. Ke2 Re1+ 32. Kf2 Rad1 33. Be2 Rb1 34. Bc1 Rxe2+ 35. Kxe2 Kb6 36. Kd3 a5 37. Nd2 Rb4 38. a3 Ra4 39. Kc3 Ka6 40. Kb3 Nb6 41. Re2 Nxc4 42. Nxc4 Kb5 43. Red2 Rxc4 44. Rxc4 Bxc4+ 45. Kc3 Be6 46. Rd6 Ba2 47. Rd8 Kc6 48. Be3 a4 49. Rc8+ Kd5 50. Bxc5 Ke4 51. Rc7 Bxe5+ 52. fxe5 Kf3 53. e6 Kxg3 54. Bd6+ Kxh4 55. Rc4 f4 56. Bxf4 Bb1 57. Rc8 g3 58. e7 g2 59. Rg8 Ba2 60. e8Q Bxg8 61. Qxg8 1-0

[Event "Zhukovsky Cup"]
[Site "Zhukovsky"]
[Date "2008.??.??"]
[Round "1"]
[White "Onishchenko, Mikhail"]
[Black "Shvetzov, Mikhail"]
[Result "1-0"]
[WhiteElo "1913"]
[BlackElo "1790"]
[PlyCount "92"]
[EventDate "2008.04.21"]
[EventType "swiss"]
[EventRounds "9"]
[EventCountry "RUS"]
[SourceTitle "EXT 2022"]
[Source "ChessBase"]
[SourceDate "2021.10.06"]
[SourceVersion "1"]
[SourceVersionDate "2021.10.06"]
[SourceQuality "1"]

1. Nf3 Nf6 2. g3 g6 3. Bg2 Bg7 4. 0-0 0-0 5. d3 d6 6. e4 c6 7. a4 Nbd7 8. Bh3 Nc5 9. Bxc8 Rxc8 10. Nh4 e5 11. Nd2 d5 12. f3 a5 13. b3 Qb6 14. Rf2 Ne6 15. Nf1 Nd4 16. Be3 Qc7 17. Qd2 Rcd8 18. Qc3 Ne6 19. Qb2 d4 20. Bd2 Nh5 21. b4 b6 22. Rb1 Rb8 23. b5 c5 24. Qb3 Rbc8 25. Qc4 Qe7 26. Re1 Nhf4 27. Kh1 Nh3 28. Rg2 Nef4 29. Nf5 gxf5 30. gxf4 Nxf4 31. Bxf4 exf4 32. e5 Qh4 33. Rge2 Qh5 34. Nd2 Rc7 35. e6 Re8 36. Qd5 fxe6 37. Rxe6 Kh8 38. Rxb6 Bf6 39. Rxf6 Rg8 40. Rxf5 Qh4 41. Qe5+ Rcg7 42. Rg1 Qh6 43. Rxg7 Qxg7 44. Qxg7+ Kxg7 45. Rg5+ Kf7 46. Rxg8 Kxg8 1-0